Litterae Apostolicae Venerabili Servo Dei Ioanni Henrico Newman, cardinali, Beatorum honores decernuntur
| Subtitles: | Venerabili Servo Dei Ioanni Henrico Newman, cardinali, Beatorum honores decernuntur |
|---|---|
| Corporate Author: | |
| Format: | Print Article |
| Language: | Latin |
| Check availability: | HBZ Gateway |
| Interlibrary Loan: | Interlibrary Loan for the Fachinformationsdienste (Specialized Information Services in Germany) |
| Published: |
2018
|
| In: |
Acta Apostolicae Sedis
Year: 2018, Volume: 110, Issue: 10, Pages: 1386-1388 |
| Standardized Subjects / Keyword chains: | B
Newman, John Henry, Saint 1801-1890
/ Beatification
|
| IxTheo Classification: | KCD Hagiography; saints KDB Roman Catholic Church |
MARC
| LEADER | 00000caa a2200000 c 4500 | ||
|---|---|---|---|
| 001 | 1737716003 | ||
| 003 | DE-627 | ||
| 005 | 20201106155716.0 | ||
| 007 | tu | ||
| 008 | 201104s2018 xx ||||| 00| ||lat c | ||
| 035 | |a (DE-627)1737716003 | ||
| 035 | |a (DE-599)KXP1737716003 | ||
| 040 | |a DE-627 |b ger |c DE-627 |e rda | ||
| 041 | |a lat | ||
| 084 | |a 1 |2 ssgn | ||
| 110 | 2 | |e VerfasserIn |0 (DE-588)1113905956 |0 (DE-627)867965266 |0 (DE-576)477159931 |4 aut |a Katholische Kirche |b Papst |g 2005-2013 : Benedikt XVI. | |
| 245 | 1 | 0 | |a Litterae Apostolicae Venerabili Servo Dei Ioanni Henrico Newman, cardinali, Beatorum honores decernuntur |c Benedictus PP. XVI |
| 246 | 3 | 3 | |a Venerabili Servo Dei Ioanni Henrico Newman, cardinali, Beatorum honores decernuntur |
| 264 | 1 | |c 2018 | |
| 336 | |a Text |b txt |2 rdacontent | ||
| 337 | |a ohne Hilfsmittel zu benutzen |b n |2 rdamedia | ||
| 338 | |a Band |b nc |2 rdacarrier | ||
| 652 | |a KCD:KDB | ||
| 689 | 0 | 0 | |d p |0 (DE-588)11858751X |0 (DE-627)133371506 |0 (DE-576)209048204 |2 gnd |a Newman, John Henry |c Heiliger |d 1801-1890 |
| 689 | 0 | 1 | |d s |0 (DE-588)4054458-8 |0 (DE-627)104466766 |0 (DE-576)209108819 |2 gnd |a Seligsprechung |
| 689 | 0 | |5 (DE-627) | |
| 773 | 0 | 8 | |i Enthalten in |a Katholische Kirche. Sancta Sedes |t Acta Apostolicae Sedis |d Romae : Typis Vaticanis, 1909 |g 110(2018), 10, Seite 1386-1388 |w (DE-627)129556505 |w (DE-600)220766-7 |w (DE-576)015013952 |x 0001-5199 |7 nnas |
| 773 | 1 | 8 | |g volume:110 |g year:2018 |g number:10 |g pages:1386-1388 |
| 935 | |a mteo | ||
| 951 | |a AR | ||
| CAN | |a 1 | ||
| ELC | |b 1 | ||
| ITA | |a 1 |t 1 | ||
| LOK | |0 000 xxxxxcx a22 zn 4500 | ||
| LOK | |0 001 3792037106 | ||
| LOK | |0 003 DE-627 | ||
| LOK | |0 004 1737716003 | ||
| LOK | |0 005 20201106155716 | ||
| LOK | |0 008 201104||||||||||||||||ger||||||| | ||
| LOK | |0 035 |a (DE-Tue135)129556505_110_2018_10_1386 | ||
| LOK | |0 040 |a DE-Tue135 |c DE-627 |d DE-Tue135 | ||
| LOK | |0 092 |o n | ||
| LOK | |0 852 |a DE-Tue135 | ||
| LOK | |0 852 1 |9 00 | ||
| LOK | |0 935 |a imwa |a ixzs | ||
| LOK | |0 936ln |0 1442049839 |a KDB | ||
| LOK | |0 936ln |0 1442049650 |a KCD | ||
| LOK | |0 939 |a 04-11-20 |b l01 | ||
| ORI | |a SA-MARC-ixtheoa001.raw | ||
| STA | 0 | 0 | |a Beatification |
| STB | 0 | 0 | |a Béatification |
| STC | 0 | 0 | |a Beatificación |
| STD | 0 | 0 | |a Beatificazione |
| STE | 0 | 0 | |a 宣福礼,列福,授福 |
| STF | 0 | 0 | |a 宣福禮,列福,授福 |
| STG | 0 | 0 | |a Beatificação |
| STH | 0 | 0 | |a Причисление к лику блаженных,Беатификация |
| STI | 0 | 0 | |a Αγιοποίηση,Οσιοποίηση |
| SUB | |a CAN | ||
| SYG | 0 | 0 | |a Catholicus,1801-1890,J. H. N.,1801-1890,N., J. H.,1801-1890,Newman, J. H.,1801-1890,Newman, Joh. Heinr.,1801-1890,Newman, Joh. Heinrich,1801-1890,Newman, Johann H.,1801-1890,Newman, John H.,1801-1890,Newmann, Johann Heinrich,Heiliger,1801-1890,Nʹjumen, Dž. G.,1801-1890,Newman,Cardinal, Heiliger,1801-1890,Newman, John Henry,Kardinal, Heiliger,1801-1890,Newman, Joannes Henricus,1801-1890 , Beatifikation |